Business essentials / (Record no. 274)

MARC details
000 -LEADER
fixed length control field 00656nam a2200217 a 4500
001 - CONTROL NUMBER
control field 274
005 - DATE AND TIME OF LATEST TRANSACTION
control field 20221127085911.0
008 - FIXED-LENGTH DATA ELEMENTS--GENERAL INFORMATION
fixed length control field 050920s lxxua 00100 eng d
020 ## - INTERNATIONAL STANDARD BOOK NUMBER
International Standard Book Number 0131271997 :
Terms of availability SR152.00
035 ## - SYSTEM CONTROL NUMBER
System control number 287
082 04 - DEWEY DECIMAL CLASSIFICATION NUMBER
Classification number 658
Item number Eb39 2004
100 1# - MAIN ENTRY--PERSONAL NAME
Personal name Ebert, Ronald J.
245 10 - TITLE STATEMENT
Title Business essentials /
Statement of responsibility, etc. Ronald J. Ebert, Ricky Griffin.
250 ## - EDITION STATEMENT
Edition statement 5th ed.
260 ## - PUBLICATION, DISTRIBUTION, ETC.
Place of publication, distribution, etc. Upper Saddle River, NJ :
Name of publisher, distributor, etc. Prentice Hall,
Date of publication, distribution, etc. 2004.
300 ## - PHYSICAL DESCRIPTION
Extent xxxiii, 558 p. :
Other physical details ill. ;
Dimensions 28 cm.
504 ## - BIBLIOGRAPHY, ETC. NOTE
Bibliography, etc. note Includes bibl. references and index.
650 #4 - SUBJECT ADDED ENTRY--TOPICAL TERM
Topical term or geographic name entry element Industrial management.
650 #4 - SUBJECT ADDED ENTRY--TOPICAL TERM
Topical term or geographic name entry element Business enterprises.
700 1# - ADDED ENTRY--PERSONAL NAME
Personal name Griffin, Ricky W.,
Relator term jt. auth.
Holdings
Withdrawn status Lost status Source of classification or shelving scheme Damaged status Not for loan Home library Current library Date acquired Total Checkouts Full call number Barcode Date last seen Copy number Price effective from Koha item type
          CENTRAL CENTRAL 11/27/2022   658 Eb39 2004 D_112 11/27/2022 C1 11/27/2022 Book
          CENTRAL CENTRAL 11/27/2022   658 Eb39 2004 1000000000281 11/27/2022 C2 11/27/2022 Book